| 000 | 01239nam a22002655a 4500 | ||
|---|---|---|---|
| 003 | OSt | ||
| 005 | 20170502124419.0 | ||
| 008 | 170308s2017 ua frb 100 0 ara d | ||
| 016 | _a2016 / 11874 | ||
| 020 | _a9789770321812 | ||
| 040 |
_aEG-Sc BUE _bara _cEG-Sc BUE |
||
| 082 | 0 | 4 |
_a343.0960285 _bر ج ب _222 |
| 100 | 1 | _aرجب، مصطفى محمد أحمد. | |
| 245 | 1 | 0 |
_aإتفاقية الأمم المتحدة المتعلقة بعقود النقل الدولي للبضائع عن طريق البحر كليا أو جزئيا : _bإتفاقية روتردام / _cمطصفى محمد أحمد رجب. |
| 260 |
_aالأسكندرية، مصر : _bمنشأة المعارف، _c2017. |
||
| 300 |
_a251 ص. ؛ _c24 سم. |
||
| 504 | _aيشتمل على إرجاعات ببليوجرافية. | ||
| 630 | 0 | 7 |
_aاتفاقية هامبورج للنقل البحري _d(1978) _2BUEsh |
| 630 | 0 | 7 |
_aاتفاقية روتردام _d(2008) _2BUEsh |
| 650 | 7 |
_aالنقل البحري (قانون دولي) _xمعالجة بيانات _vمعاهدات. _2BUEsh |
|
| 650 | 7 |
_aعقود النقل (قانون دولي) _xمعالجة بيانات _vمعاهدات. _2BUEsh |
|
| 651 | _2BUEsh | ||
| 653 |
_bLLAAWW _cMay2017 |
||
| 942 | _2ddc | ||
| 999 |
_c24763 _d24735 |
||